Ethnic Politics and State Power in Africa <The> Logic of the Coup-Civil War Trap
Saved in:
| Main Author: | |
|---|---|
| Format: | Book |
| Language: | English |
| Published: |
Cambridge
Cambridge University Press
2016
|
| Subjects: | |
| Tags: |
No Tags, Be the first to tag this record!
|
MARC
| LEADER | 00000nam a2200000 4500 | ||
|---|---|---|---|
| 001 | 0257284 | ||
| 005 | 20240312115620.8 | ||
| 020 | |a 978-1-316-62821-8 | ||
| 020 | |a 978-1-107-17607-2 | ||
| 041 | 0 | |a eng | |
| 044 | |a GB | ||
| 245 | 1 | 0 | |a Ethnic Politics and State Power in Africa |b <The> Logic of the Coup-Civil War Trap |c Philip Roessler |
| 264 | 1 | |a Cambridge |b Cambridge University Press |c 2016 | |
| 300 | |a 389 s. | ||
| 610 | 2 | 0 | |a etnikum |
| 610 | 2 | 0 | |a politika |
| 610 | 2 | 0 | |a moc štátna |
| 610 | 2 | 0 | |a vojny |
| 610 | 2 | 0 | |a konflikty etnické |
| 610 | 2 | 0 | |a občania |
| 610 | 2 | 0 | |a mier |
| 610 | 2 | 0 | |a Afrika |
| 100 | 1 | |a Roessler, Philip | |